000 00676nam a2200253Ia 4500
003 OSt
005 20220925222320.0
006 a|||||r|||| 00| 0
007 ta
008 220923b |||||||| |||| 00| 0 eng d
037 _cGeneral Book
040 _aRTL
_cRTL
_beng
041 _2eng
_aeng
082 _aW, L2
100 _aTudor Henry
245 0 _aPolitical myth
260 _aLondon
_bPall Mall
_c1972
300 _a157p
_ccm.
490 _aKey Concepts in Political Science. Ed by Leonard Schapiro
500 _aBibliography: P 141-52
650 _aPolitical Science
942 _hW, L2
_cGB
_2CC
999 _c576693
_d576693